书目信息 |
| 题名: |
电子商务基础教程
|
|
| 作者: | 冯立兴 主编 | |
| 分册: | ||
| 出版信息: | 广州 广东高等教育出版社 2002.03 |
|
| 页数: | 209页 | |
| 开本: | 26cm | |
| 丛书名: | 中等职业技术学校试用教材 | |
| 单 册: | ||
| 中图分类: | F713.36 | |
| 科图分类: | ||
| 主题词: | 电子商务--技术学校--教材 | |
| 电子资源: | ||
| ISBN: | 7-5361-2657-3 | |
| 000 | 00885nam 2200241 450 | |
| 001 | 0159712123 | |
| 005 | 20051012104134.75 | |
| 010 | @a7-5361-2657-3@dCNY20.00 | |
| 100 | @a20050426d2002 km y0chiy0120 ea | |
| 101 | 0 | @achi |
| 102 | @aCN@b440000 | |
| 105 | @ay z 000yy | |
| 200 | 1 | @a电子商务基础教程@Adian zi shang wu ji chu jiao cheng@f冯立兴主编@Ffeng li xing zhu bian |
| 210 | @a广州@c广东高等教育出版社@d2002.03 | |
| 215 | @a209页@d26cm | |
| 225 | 2 | @a中等职业技术学校试用教材@Azhong deng zhi ye ji shu xue xiao shi yong jiao cai |
| 330 | @a本书介绍了电子商务技术基础——国际互联网、电子商务应用平台、网络营销、网络商务信息的采集与整理、电子支付等内容。 | |
| 410 | 0 | @12001 @a中等职业技术学校试用教材 |
| 606 | 0 | @a电子商务@x技术学校@j教材 |
| 690 | @aF713.36@v4 | |
| 701 | 0 | @a冯立兴@Afeng li xing@4主编 |
| 801 | 0 | @aCN@bQSSK@c20051012 |
| 905 | @a10447@dF713.36@eF487 | |
| 电子商务基础教程/冯立兴主编.-广州:广东高等教育出版社,2002.03 |
| 209页;26cm.-(中等职业技术学校试用教材) |
| ISBN 7-5361-2657-3:CNY20.00 |
| 本书介绍了电子商务技术基础——国际互联网、电子商务应用平台、网络营销、网络商务信息的采集与整理、电子支付等内容。 |
| ● |
| 相关链接 |
|
|
|
正题名:电子商务基础教程
索取号:F713.36/F487
 
预约/预借
| 序号 | 登录号 | 条形码 | 馆藏地/架位号 | 状态 | 备注 |
| 1 | 565801 | 205658019 | 社科库409/409社科库 41排5列5层/ [索取号:F713.36/F487] | 在馆 | |
| 2 | 565802 | 205658028 | 社科库409/409社科库 41排5列5层/ [索取号:F713.36/F487] | 在馆 | |
| 3 | 565803 | 205658037 | 社科二线422/409社科库 41排5列5层/ [索取号:F713.36/F487] | 在馆 |